000 00302nam a2200121Ia 4500
008 240731s9999 xx 000 0 und d
022 _a1547-6529
245 0 _aBioremediation Journal
260 _bTaylor & Francis
856 _uhttps://www.tandfonline.com/loi/bbrm20
942 _2ddc
942 _cTFEJ
999 _c75630
_d75630
945 _a1
_bMadushi Gamage
_c1
_dMadushi Gamage